LEADER 01437nam a2200349 a 4500 001 000000126769 003 CaOOAMICUS 005 20111028132901.0 008 111028s2009 it a u000 u ita r 020 $a978-88-17-11400-4 040 $aPUL$bita 082 04$a853 100 1 $aGuareschi, Giovanni.$0(OLS)http://pul/name/80851 245 10$aDon Camillo :$bcon 38 disegni dell'autore /$cGuareschi. 250 $a27. ed. 260 $aMilano :$bBUR ;$aMilano :$bRizzoli ;$aMilano :$bR.C.S. Libri,$c2009. 300 $a289 p. :$bill. ;$c20 cm 490 1 $aGuareschi in BUR 490 1 $aMondo piccolo ;$v[1] 500 $aRiferimenti bibliografici ed indice. 830 0$aGuareschi in BUR.$0(OLS)http://pul/title/160143 830 0$aMondo piccolo ;$v[1].$0(OLS)http://pul/title/160144 850 $aPUL 852 $aPUL$W1$xDP2 Cons. Gen., Altre Classi 3$y97$m853 GUAGI 1$j146572$qDDC 21$B145278$CPULBib$Z2$F145278 $H118353 $82 941 1 $a9 996 $6020$a978-88-17-11400-4$9(OLS)http://pul/number/148324 996 $6082$a853$9(OLS)http://pul/classification/1915 996 $6245$aDon Camillo :$bcon 38 disegni dell'autore$9(OLS)http://pul/title/160141 996 $6260$aMilano :$bBUR$9(OLS)http://pul/publisher/70068 996 $6260$aMilano :$bRizzoli$9(OLS)http://pul/publisher/48712 996 $6260$aMilano :$bR.C.S. Libri$9(OLS)http://pul/publisher/74600 LEADER 01194nam a2200277 u 4500 001 000000059046 003 CaOOAMICUS 005 20070226120746.0 008 010620s1975 gw u000 u ger u 035 $a10893213 040 $aPUL(R)$bita 100 1 $aJeremias, Jörg.$0(OLS)http://pul/name/25865 245 14$aDie Reue Gottes :$bAspekte alttestamentlicher Gottesvorstellung /$cJörg Jeremias. 260 $aNeukirchen-Vluyn :$bNeukirchner Verlag,$cc1975. 300 $a127 p. ;$c21 cm 490 1 $aBiblische Studien ;$v65 500 $a"Bibelstellenregister": p. 125-127. 504 $aNote bibliografiche. 630 04$aBiblia.$pV.T.$xStudio.$0(OLS)http://pul/subject/1419 650 4$aDio.$0(OLS)http://pul/subject/3878 830 0$aBiblische Studien ;$v65.$0(OLS)http://pul/title/10987 850 $aPUL 852 $aPUL$W1$xDP1 Altre Collocazioni$y17$mSenza collocazione$j12$nBK-PRI$b $qStampati$B77054$CPULBib$Z2$F77054 $H $81 941 1 $a8 996 $6245$aDie Reue Gottes :$bAspekte alttestamentlicher Gottesvorstellung$9(OLS)http://pul/title/79090 996 $6260$aNeukirchen-Vluyn :$bNeukirchner Verlag$9(OLS)http://pul/publisher/69736 LEADER 01114nam a2200265 u 4500 001 000000087054 003 CaOOAMICUS 005 20070226124350.0 008 051007s1934 it a u000 u ita u 035 $a11062426 040 $aPUL(R)$bita 100 1 $aDel Giudice, Italo.$0(OLS)http://pul/name/56849 245 12$aL'evoluzione del Cosmo /$cItalo Del Giudice. 246 38$aAstronomia spiegata ed illustrata al popolo 260 $aFirenze :$bG. Nerbini,$c1934. 300 $a222 p. :$bill. ;$c29 cm 490 1 $aCollana popolare di astronomia 650 4$aAstronomia$xDivulgazione.$0(OLS)http://pul/subject/28941 830 0$aCollana popolare di astronomia.$0(OLS)http://pul/title/112712 850 $aPUL 852 $aPUL$W1$xDP1 Fondo Cecchetti$y53$m299 H 9$j110437$nBK-PRI$b $qFondi$B110437$CPULBib$Z2$F110437 $HPUL5169 $81 941 1 $a1 996 $6245$aL'evoluzione del Cosmo$9(OLS)http://pul/title/112710 996 $6246$aAstronomia spiegata ed illustrata al popolo$9(OLS)http://pul/title/112711 996 $6260$aFirenze :$bG. Nerbini$9(OLS)http://pul/publisher/68469